<?xml version="1.0" encoding="UTF-8"?>
<collection xmlns="http://www.loc.gov/MARC21/slim">
  <record>
    <leader>00000nam  2200000   4500</leader>
    <controlfield tag="001">INLIS000000000809796</controlfield>
    <controlfield tag="008">###################################ind##</controlfield>
    <datafield tag="035" ind1="#" ind2="#">
      <subfield code="a">0010-0825000289</subfield>
    </datafield>
    <datafield tag="245" ind1="#" ind2="#">
      <subfield code="a">Menggunakan Internet /</subfield>
      <subfield code="c">Solihat</subfield>
    </datafield>
    <datafield tag="260" ind1="#" ind2="#">
      <subfield code="b">Gaza Publishing</subfield>
    </datafield>
    <datafield tag="020" ind1="#" ind2="#">
      <subfield code="a">6028134378</subfield>
    </datafield>
    <datafield tag="084" ind1="#" ind2="#">
      <subfield code="a">004.03 HAT m</subfield>
    </datafield>
    <datafield tag="520" ind1="#" ind2="#">
      <subfield code="a">Saling menghadap (interfacing) dan komunikasi</subfield>
    </datafield>
    <datafield tag="082" ind1="#" ind2="#">
      <subfield code="a">004.03</subfield>
    </datafield>
  </record>
</collection>
